Crónica oficial de las fiestas del primer centenario de la independencia de México publicada bajo la dirección de Genaro García (Record no. 178)

MARC details
000 -CABECERA
campo de control de longitud fija 00933nam a2200181 a 4500
001 - NÚMERO DE CONTROL
campo de control BRCA_218
005 - FECHA Y HORA DE LA ÚLTIMA TRANSACCIÓN
campo de control 20190320202924.0
008 - DATOS DE LONGITUD FIJA--INFORMACIÓN GENERAL
campo de control de longitud fija 751206s1911 mx-a---###---#000-0#spa-#
040 ## - FUENTE DE LA CATALOGACIÓN
Centro catalogador/agencia de origen DLC
Centro/agencia transcriptor FU
Centro/agencia modificador OCoLC
050 #4 - SIGNATURA TOPOGRÁFICA DE LA BIBLIOTECA DEL CONGRESO
Número de clasificación F1232
Número de documento/Ítem .C76 1911
245 10 - MENCIÓN DE TÍTULO
Título Crónica oficial de las fiestas del primer centenario de la independencia de México publicada bajo la dirección de Genaro García
Mención de responsabilidad, etc. nota introductoria por Manuel Cortina Portilla.
260 ## - PUBLICACIÓN, DISTRIBUCIÓN, ETC.
Lugar de publicación, distribución, etc. México
Nombre del editor, distribuidor, etc. Museo Nacional
Fecha de publicación, distribución, etc. 1911
300 ## - DESCRIPCIÓN FÍSICA
Extensión viii p., 1 l., 307 p., 1 l., 139, vii, [1] p.
Otras características físicas il.
Dimensiones 40 cm.
500 ## - NOTA GENERAL
Nota general Facsímil de: Crónica oficial de las fiestas del primer centenario de la Independencia de México publicada bajo la dirección de Genaro García por acuerdo de la Secretaría de Gobernación. México : Talleres del Museo nacional, 1911
651 #4 - PUNTO DE ACCESO ADICIONAL DE MATERIA--NOMBRE GEOGRÁFICO
Nombre geográfico México
Subdivisión general Historia
Subdivisión cronológica Guerra de Independencia, 1810-1821
9 (RLIN) 754
700 1# - PUNTO DE ACCESO ADICIONAL--NOMBRE DE PERSONA
Nombre de persona Cortina Portilla, Manuel
9 (RLIN) 755
942 ## - ELEMENTOS DE PUNTO DE ACCESO ADICIONAL (KOHA)
Fuente del sistema de clasificación o colocación Library of Congress Classification
Tipo de ítem Koha Libros
Holdings
Estado de retiro Estado de pérdida Estado dañado No para préstamo Localización permanente Ubicación/localización actual Fecha de adquisición Total de préstamos Signatura topográfica completa Código de barras Fecha visto por última vez Precio válido a partir de Tipo de ítem Koha
El ejemplar forma parte de la colección y puede ser consultado según las políticas vigentes.       Biblioteca del Museo Franz Mayer (Rogerio Casas-Alatriste) Biblioteca del Museo Franz Mayer (Rogerio Casas-Alatriste) 25/06/2008   F1232 .C76 1911 00282 22/03/2019 22/03/2019 Libros